• 首页
  • 本馆介绍
  • 公告通知
  • 最新文献
  • 馆藏检索
  • 电子资源
  • 读者导购
  • 参考咨询
  • 我的图书馆
  • 登录
  • 详细信息显示
  • 放入我的书架
  • 预约/预借图书
  • 作者相关作品
  • 分类相关作品
  • 丛书相关作品
  • 出版社相关作品

书目信息

  • 表格格式
  • 工作单格式
  • 卡片格式
题名:
高中生学业生涯规划与高校自主招生
    
 
作者: 张洪生 主编
分册:  
出版信息: 北京   中国国际广播出版社  2019
页数: 209页
开本: 26cm
丛书名:
单 册:
中图分类: G635.5 , G647.32
科图分类:
主题词: 高中生--职业选择 , 高等学校--招生--介绍--中国
电子资源:
ISBN: 978-7-5078-4453-5
000 01006nam0 2200253 45
001 012001003586
005 20140113155514.0
010    @a978-7-5078-4453-5@dCNY100.00
100    @a20190327d2019 em y0chiy0110 ea
101 0  @achi
102    @aCN@b110000
105    @ay z 000yy
106    @ar
200 1  @a高中生学业生涯规划与高校自主招生@Agao zhong sheng xue ye sheng ya gui hua yu gao xiao zi zhu zhao sheng@f张洪生主编
210    @a北京@c中国国际广播出版社@d2019
215    @a209页@d26cm
330    @a本书全面系统介绍高中生职业规划和高校自主招生,共分五章。主要内容有: 高中生职业生涯规划,高中阶段学业生涯规划,高校自主招生实用方法和技巧,高校自主招生笔试汇总,高校自主招生面试汇总。帮助高中生通过科学系统的分析做好高中生职业规划,自主选择追求理想的高校。
606 0  @a高中生@x职业选择
606 0  @a高等学校@x招生@x介绍@y中国
690    @aG635.5@v5
690    @aG647.32@v5
701  0 @a张洪生@Azhang hong sheng@4主编
801    @b江苏凤凰@c20191020
905    @b1236503-8@dG635.5@e1592@f6
    
    高中生学业生涯规划与高校自主招生/张洪生主编.-北京:中国国际广播出版社,2019
    209页;26cm
    
    
    ISBN 978-7-5078-4453-5:CNY100.00
    本书全面系统介绍高中生职业规划和高校自主招生,共分五章。主要内容有: 高中生职业生涯规划,高中阶段学业生涯规划,高校自主招生实用方法和技巧,高校自主招生笔试汇总,高校自主招生面试汇总。帮助高中生通过科学系统的分析做好高中生职业规划,自主选择追求理想的高校。
●
相关链接 在E读中查询图书 在五车中查询图书 在当当中查询图书 在豆瓣中查询图书


正题名:高中生学业生涯规划与高校自主招生     索取号:G635.5/1592         预约/预借

序号 登录号 条形码 馆藏地/架位号 状态 备注
1 1236503   212365037   第一样本阅览室/ [索取号:G635.5/1592] 在馆    
2 1236504   212365046   教育系资料室/ [索取号:G635.5/1592] 在馆    
3 1236505   212365055   教育系资料室/ [索取号:G635.5/1592] 在馆    
4 1236506   212365064   教育系资料室/ [索取号:G635.5/1592] 在馆    
5 1236507   212365073   第四借阅区/ [索取号:G635.5/1592] 在馆    
6 1236508   212365082   第四借阅区/ [索取号:G635.5/1592] 在馆    
唐山师范学院图书馆 欢迎您!
大连网信软件有限公司© 版权所有